000 00287nam a2200133Ia 4500
008 221030s9999 xx 000 0 und d
041 _aEnglish
100 _aM. R. Anand
245 0 _aUntouchable
_cby M. R. Anand
250 _aJAN 2016
260 _c2016
650 _aB
942 _cBK
999 _c16044
_d16044